| 000 | 00541nam a2200193 a 4500 | ||
|---|---|---|---|
| 001 | 7147 | ||
| 003 | CO-ViMGA | ||
| 008 | 141112s2004 ck r 000 u spa d | ||
| 020 | _a8471009358 | ||
| 040 |
_aCO-ViMGA _bspa _cCO-ViMGA |
||
| 082 | 0 | 4 | _a344.043 S152d |
| 100 | 1 |
_aSanchez Caro, Javier _96260 |
|
| 245 | 1 | 0 |
_aDerecho y SIDA / _cSanchez Caro Javier , Gimenez Cabezon Jose Ramón |
| 260 |
_aMadrid : _bMapfre, _c1995 |
||
| 300 | _a169 p | ||
| 490 | _aDerechos sanitarios | ||
| 650 | 1 | 4 |
_aSIDA - ASPECTOS LEGALES _96261 |
| 942 |
_2ddc _cBK |
||
| 999 |
_c19112 _d19112 |
||